000 00241 a2200097 4500
001 45365
100 _aHazrat Shahab-ud-Din Sahrvardi
245 _aGawaraf Magroof
260 _aKarachi
_bMadeena Publishing company
_c
090 _c28527
_d28527
942 _aNUST-CAE
_cM
_c20588
999 _c280438
_d280438